El cambio viene del Este.

Latinskoamerický pohľad na vývoj situácie vo východnej Európe v r. 1989. Rozpad veľkých blokov východnej Európy v r. 1989. Znaky modelu stalinského vývoja. Moc nomenklatúry. História veľkej krízy krajín východnej Európy. Revolúcia zhora - úloha Gorbačova. Rok 1989. Masový únik východných Nemcov na z...

Description complète

Enregistré dans:
Détails bibliographiques
Auteur principal: Semo, E.
Format: Chapitre de livre
Langue:espagnol
Sujets:
Tags: Ajouter un tag
Pas de tags, Soyez le premier à ajouter un tag!

MARC

LEADER 00000naa a2200000 4500
001 r001064
005 20220909073621.0
041 0 |a spa 
044 |a MX 
245 1 0 |a El cambio viene del Este.  |c E. Semo 
520 |a Latinskoamerický pohľad na vývoj situácie vo východnej Európe v r. 1989. Rozpad veľkých blokov východnej Európy v r. 1989. Znaky modelu stalinského vývoja. Moc nomenklatúry. História veľkej krízy krajín východnej Európy. Revolúcia zhora - úloha Gorbačova. Rok 1989. Masový únik východných Nemcov na západ. November 1989 v ČSFR. Úvahy o budúcnosti. 
610 2 0 |a východná Európa 
610 2 0 |a 1989 
610 2 0 |a politika 
610 2 0 |a revolúcia 
610 2 0 |a Gorbačov, M. 
610 2 0 |a NDR 
610 2 0 |a ČSFR 
100 1 |a Semo, E.